[Event "Spanish Senior  Championship"]
[Site "Altea"]
[Date "2017.10.07"]
[Round "1"]
[White "Brusi Noguera, Ricardo Ll."]
[Black "Juarez Manzano, Juan"]
[Result "1-0"]
[WhiteElo "2156"]
[BlackElo "1885"]
[Board "7"]
[WhiteCountry "ESP"]
[WhiteFideId "2279487"]
[WhiteEloChange "3"]
[BlackCountry "ESP"]
[BlackFideId "2220660"]
[BlackEloChange "-3"]

1. d4 Nf6 2. c4 e6 3. Nc3 Bb4 4. e3 O-O 5. Ne2 d5 6. cxd5 exd5 7. g3 Re8 8.
Bg2 b6 9. Qb3 c5 10. O-O Bxc3 11. Nxc3 c4 12. Qc2 Bb7 13. b3 cxb3 14. Qxb3
Kh8 15. Bd2 Nc6 16. Rfc1 Na5 17. Qd1 Nc4 18. Be1 Rc8 19. a4 Ne4 20. Nxe4
dxe4 21. Rcb1 a6 22. Bf1 Bd5 23. Rb3 Rb8 24. Rab1 Qd7 25. Bxc4 Bxc4 26.
Rxb6 Rxb6 27. Rxb6 Rc8 28. Bb4 Qh3 29. Bc5 Be6 30. f3 Qh5 31. g4 Qh3 32.
Qf1 Qxf3 33. Qxf3 exf3 34. Rxa6 Bxg4 35. Kf2 Rb8 36. Rb6 Ra8 37. a5 h5 38.
a6 Bc8 39. a7 Rxa7 40. Rb8 Rc7 41. Kxf3 Kh7 42. Ke4 Bb7+ 43. Ke5 f6+ 44.
Kd6 Rf7 45. Ke6 Kg6 46. d5 f5 47. Rxb7 Rxb7 48. d6 Kg5 49. d7 Rb8 50. Be7+
Kg4 51. d8=Q Rxd8 52. Bxd8 f4 53. exf4 Kxf4 54. h4 1-0

[Event "Spanish Senior  Championship"]
[Site "Altea"]
[Date "2017.10.08"]
[Round "2"]
[White "Aranaz Portugues, Jose Carlos"]
[Black "Clari Mascarell, Jose Javier"]
[Result "1/2-1/2"]
[WhiteElo "2159"]
[BlackElo "2047"]
[Board "3"]
[WhiteCountry "ESP"]
[WhiteFideId "2274710"]
[WhiteEloChange "-3"]
[BlackCountry "ESP"]
[BlackFideId "2207486"]
[BlackEloChange "3"]

1. d4 e6 2. c4 f5 3. g3 Nf6 4. Bg2 d5 5. Nh3 c6 6. O-O Bd6 7. Bf4 O-O 8.
Nd2 Qe7 9. c5 Bxf4 10. gxf4 b6 11. b4 Ba6 12. Nf3 Nbd7 13. Qc2 Bc4 14. Rfe1
Ne4 15. Nd2 Nxd2 16. Qxd2 h6 17. Rec1 b5 18. a4 a6 19. Ra3 Ra7 20. Kh1 Kh7
21. Ng1 Rfa8 22. a5 Rg8 23. Rh3 g5 24. fxg5 Qxg5 25. Qxg5 Rxg5 26. f4 Rg8
27. Nf3 Bxe2 28. Ng5+ Kg6 29. Nxe6 Re8 30. Re3 Kf6 31. Rxe2 Nf8 32. Rce1
Rxe6 33. Re5 Rxe5 34. fxe5+ Kg6 35. Rg1 Kf7 36. Bh3 Ne6 37. Bxf5 Nxd4 38.
Bg4 Re7 39. Rf1+ Kg7 40. Bc8 Nc2 41. Rf4 d4 42. Bf5 Nxb4 43. Rxd4 Rxe5 44.
Bc8 Nd5 45. Bxa6 Re1+ 46. Kg2 Ra1 47. Rxd5 cxd5 48. c6 Rxa5 49. c7 Ra2+ 50.
Kf3 Rc2 51. c8=Q Rxc8 52. Bxc8 Kf6 53. Kf4 b4 54. Bf5 b3 55. h4 h5 56. Bb1
d4 57. Bd3 b2 58. Bf5 Kg7 59. Kg5 Kh8 1/2-1/2

[Event "Spanish Senior  Championship"]
[Site "Altea"]
[Date "2017.10.08"]
[Round "2"]
[White "Aizpurua Blanco, Juan Antonio"]
[Black "Suba, Mihai"]
[Result "0-1"]
[BlackTitle "GM"]
[WhiteElo "2014"]
[BlackElo "2315"]
[Board "9"]
[WhiteCountry "ESP"]
[WhiteFideId "2217040"]
[WhiteEloChange "-3"]
[BlackCountry "ROU"]
[BlackFideId "1203363"]
[BlackEloChange "3"]

1. e4 c5 2. Nf3 d6 3. Bb5+ Nd7 4. O-O Nf6 5. e5 dxe5 6. Nxe5 e6 7. d4 Be7
8. dxc5 Bxc5 9. Nc3 O-O 10. Nxd7 Bxd7 11. Bxd7 Qxd7 12. Bg5 Qxd1 13. Raxd1
Rfd8 14. Rxd8+ Rxd8 15. Bxf6 gxf6 16. Rd1 Rxd1+ 17. Nxd1 f5 18. Kf1 Kg7 19.
c3 Kf6 20. Ke2 Ke5 21. b3 Kd5 22. Kd3 Bd6 23. Ne3+ Kc6 24. h3 b5 25. c4 Bc5
26. Nd1 b4 27. f3 f4 28. Ke4 Bd6 29. Nb2 f5+ 30. Kd3 Be5 31. Kc2 Bxb2 32.
Kxb2 Kc5 33. Kc2 Kd4 34. Kd2 e5 35. Ke2 e4 36. Ke1 e3 37. h4 a5 38. h5 h6
39. Ke2 a4 40. Ke1 Kc5 41. Ke2 Kd6 42. Ke1 a3 43. Ke2 Ke6 44. Ke1 Ke5 45.
Ke2 Kd4 46. Ke1 Kc3 47. c5 Kb2 48. c6 Kxa2 49. c7 Kb2 50. c8=Q a2 51. Qh8+
Kb1 52. Qxh6 a1=Q 53. Qd6 Qc3+ 54. Ke2 Qc2+ 0-1

[Event "Spanish Senior  Championship"]
[Site "Altea"]
[Date "2017.10.10"]
[Round "4"]
[White "Dominguez Marquez, Cecilio"]
[Black "Fos Santacreu, Juan Andres"]
[Result "0-1"]
[BlackTitle "FM"]
[WhiteElo "1955"]
[BlackElo "2140"]
[Board "14"]
[WhiteCountry "ESP"]
[WhiteFideId "2257858"]
[WhiteEloChange "-5"]
[BlackCountry "ESP"]
[BlackFideId "2205211"]
[BlackEloChange "5"]

1. d4 Nf6 2. c4 e6 3. Nc3 Bb4 4. Qc2 O-O 5. Bg5 d5 6. e3 h6 7. Bh4 b6 8.
cxd5 exd5 9. Nf3 Bb7 10. Bd3 Be7 11. O-O c5 12. Rad1 c4 13. Bf5 Nc6 14. Ne5
a6 15. Bxf6 gxf6 16. Nxc6 Bxc6 17. Qe2 Re8 18. Qg4+ Kh8 19. Qh5 Bf8 20.
Qxf7 Qe7 21. Qxe7 Rxe7 22. Rfe1 b5 23. e4 Rae8 24. Bg6 Rd8 25. Kf1 dxe4 26.
d5 Bd7 27. Bxe4 b4 28. Nb1 Bb5 29. Rd4 c3+ 30. Bd3 c2 31. Rc1 cxb1=Q 32.
Rxb1 Bxd3+ 33. Rxd3 Re5 34. Rbd1 Bd6 35. g3 Rc8 36. f4 Re7 37. R1d2 Kg7 38.
Kg2 a5 39. Rd4 Rc5 40. a3 bxa3 41. bxa3 Rc3 42. a4 Rec7 43. Kh3 f5 44. Kh4
R3c4 45. Kh5 Rxd4 46. Rxd4 Rc2 47. h4 Rc3 48. g4 fxg4 49. Kxg4 Kf6 50. Re4
Kf7 51. Re6 Bf8 52. Ra6 Rc5 53. d6 Rd5 54. d7 Be7 55. Rxh6 Rxd7 56. Rh5 Bb4
57. Rh7+ Ke8 58. Rh8+ Ke7 59. Rh7+ Ke8 60. Rh8+ Bf8 61. Rh5 Ra7 62. f5 Rc7
63. Kg5 Be7+ 64. Kg6 Rc6+ 65. Kg7 Bf8+ 66. Kg8 Rf6 67. Rg5 Be7 68. Rh5 Rf8+
69. Kg7 Bf6+ 70. Kg6 Bc3 71. Rh7 Rg8+ 72. Kh5 Rg2 73. Rc7 Bb4 74. f6 Kf8
75. Kh6 Be1 76. h5 Rg4 77. Kh7 Rxa4 78. Kg6 Rg4+ 79. Kf5 Rg2 80. h6 Bh4 81.
Rc8+ Kf7 82. Rc7+ Ke8 83. h7 Rf2+ 84. Kg4 Bxf6 85. h8=Q+ Bxh8 86. Rc8+ Kd7
87. Rxh8 Kc6 88. Kg3 Rf7 0-1